000 00531nam a2200205Ia 4500
003 OSt
005 20230327095701.0
008 210423s2007 xx 000 0 und d
020 _a8183562434
040 _cAL
041 _aeng
082 _a540
_223
_bSAXP
100 _aSAXENA (P B).
_978077
245 _aChemistry of interhalogen compounds.
260 _aNew Delhi
_bDiscovery Publishing House
_c2007
300 _ax,307
_bHB
365 _b800
_cINR
906 _aChemistry ; compounds. ; interhalogen
942 _2ddc
_cBK
999 _c154079
_d154079